| 000 | 00786nam a2200205Ii 4500 | ||
|---|---|---|---|
| 003 | JO-AjNU | ||
| 008 | 230605s9999||||xx |||||||||||||| ||und|| | ||
| 017 | _a2009/11/4738 | ||
| 040 |
_aJO-AjNU _bara _erda _cJO-AjNU |
||
| 041 | _aara | ||
| 050 | 1 | 4 | _aHQ792.J6.N3964 2009 |
| 100 | 3 |
_aالنوايسة، نايف , _eauthor _957323 |
|
| 245 | 0 | 0 | _aالطفل في الحياة الشعبية الاردنية |
| 264 | 3 | 1 | _aعمان: وزارة الثقافة، 2009 |
| 300 |
_a216ص _bيحتوي ببلوغرافية من ص 209-216ص |
||
| 336 |
_atext _btxt _2rdacontent |
||
| 337 |
_aunmediated _bn _2rdamedia |
||
| 338 |
_avolume _bnc _2rdacarrier |
||
| 650 | 4 |
_aالاطفال - علم النفس -الاردن - الادب الشعبي العربي - تاريخ ونقد _957324 |
|
| 999 |
_aA25679 _c29247 _d29247 |
||